Seniori ako tvorcovia špeciálneho dopytu po produktoch a službách bakalárska práca

Na minha lista:
Detalhes bibliográficos
Autor principal: Mokrohajský, Dušan
Autor Corporativo: Obchodná fakulta EU. Katedra marketingu
Outros Autores: Krescanková, Michaela
Formato: Livro
Idioma:eslovaco
Publicado em: Bratislava 2015
Tags: Adicionar Tag
Sem tags, seja o primeiro a adicionar uma tag!

MARC

LEADER 00000nbm a2200000 4500
001 0206511
005 20161212105711.9
041 0 |a slo 
044 |a SK 
245 1 0 |a Seniori ako tvorcovia špeciálneho dopytu po produktoch a službách  |b bakalárska práca  |c Dušan Mokrohajský ; školiteľ: Michaela Krescanková 
264 1 |a Bratislava  |c 2015 
300 |a 46 s. 
100 1 |a Mokrohajský, Dušan 
700 1 |a Krescanková, Michaela 
710 2 |a Obchodná fakulta EU. Katedra marketingu